Welcome to WEB OPAC of MRSPTU Central Library

Material science and processing (Record no. 2633)

MARC details
000 -LEADER
fixed length control field 00382nam a2200157Ia 4500
008 - FIXED-LENGTH DATA ELEMENTS--GENERAL INFORMATION
fixed length control field 230711s9999||||xx |||||||||||||| ||und||
020 ## - INTERNATIONAL STANDARD BOOK NUMBER
International Standard Book Number 978-81-85749-10-5
041 ## - LANGUAGE CODE
Language code of text/sound track or separate title ENG
082 ## - DEWEY DECIMAL CLASSIFICATION NUMBER
Classification number 658
Item number RA-M
100 ## - MAIN ENTRY--PERSONAL NAME
Personal name Rajput,R.K
245 #0 - TITLE STATEMENT
Title Material science and processing
250 ## - EDITION STATEMENT
Edition statement R/4th Ed.
260 ## - PUBLICATION, DISTRIBUTION, ETC.
Date of publication, distribution, etc. 2016
Place of publication, distribution, etc. New Delhi
Name of publisher, distributor, etc. S.K Kataria & Sons
650 ## - SUBJECT ADDED ENTRY--TOPICAL TERM
Topical term or geographic name entry element Physics
942 ## - ADDED ENTRY ELEMENTS (KOHA)
Koha item type Book
Holdings
Withdrawn status Lost status Damaged status Not for loan Collection Home library Current library Date acquired Total checkouts Full call number Barcode Date last seen Price effective from Koha item type Date last checked out
          MRSPTU Central Library MRSPTU Central Library     658 RA-M 10002 08/17/2023 08/17/2023 Book  
          MRSPTU Central Library MRSPTU Central Library     658 RA-M 9998 08/17/2023 08/17/2023 Book  
          MRSPTU Central Library MRSPTU Central Library     658 RA-M 9999 08/17/2023 08/17/2023 Book  
          MRSPTU Central Library MRSPTU Central Library     658 RA-M 10000 08/17/2023 08/17/2023 Book  
          MRSPTU Central Library MRSPTU Central Library     658 RA-M 10001 08/17/2023 08/17/2023 Book  
          MRSPTU Central Library MRSPTU Central Library     658 RA-M 10003 08/17/2023 08/17/2023 Book  
          MRSPTU Central Library MRSPTU Central Library     658 RA-M 10004 08/17/2023 08/17/2023 Book  
          MRSPTU Central Library MRSPTU Central Library     658 RA-M 10005 08/17/2023 08/17/2023 Book  
          MRSPTU Central Library MRSPTU Central Library     658 RA-M 10006 08/17/2023 08/17/2023 Book  
          MRSPTU Central Library MRSPTU Central Library     658 RA-M 10900 08/17/2023 08/17/2023 Book  
          MRSPTU Central Library MRSPTU Central Library     620.112 RA-M 34320 08/17/2023 08/17/2023 Book  
          MRSPTU Central Library MRSPTU Central Library     620.112 RA-M 34321 08/17/2023 08/17/2023 Book  
          MRSPTU Central Library MRSPTU Central Library   1 620.112 RA-M 34322 06/02/2025 08/17/2023 Book 05/29/2025
          MRSPTU Central Library MRSPTU Central Library     620.112 RA-M 34323 08/17/2023 08/17/2023 Book  

Website Designed and Developed by MRSPTU Central Library Team

E-mail Id: librarian@mrsptu.ac.in